000 00344 a2200157 4500
001 191826
020 _a978-85-66470-43-7
040 _cMagnum
100 _aAntoni, Edson
240 1 0 _aO clube do mistério
_lpor
245 1 0 _aO clube do mistério
300 _a64
362 0 _a2014
697 _aLITERATURA INFANTO-JUVENIL
942 _cBK
999 _c191826
_d191826